Estudios latinoamericanos e iconología /

Los estudios latinoamericanos, son un conjunto de disciplinas que enfocan, en forma conjunta un problema específico. El autor inició un acercamiento hacia la lectura de imágenes y el significado que su presencia tiene hacia el conocimiento histórico de América Latina.

Gespeichert in:
Bibliographische Detailangaben
1. Verfasser: Camacho Navarro, Enrique
Format: Buch
Sprache:Spanish
Veröffentlicht: México, D.F.: Navarro editores, 2009
Schlagworte:
Tags: Tag hinzufügen
Keine Tags, Fügen Sie den ersten Tag hinzu!

MARC

LEADER 00000nam a22000007a 4500
008 150127c2009 mx ||||| |||| 00| b spa d
040 |a CRU CIICLA 
090 |a Nostromo. Revista Crítica Latinoamericana 
100 1 |a Camacho Navarro, Enrique 
245 1 0 |a Estudios latinoamericanos e iconología /  |c Enrique Camacho Navarro. 
260 |a México, D.F.:  |b Navarro editores,  |c 2009 
300 |a 33-44 páginas 
520 |a Los estudios latinoamericanos, son un conjunto de disciplinas que enfocan, en forma conjunta un problema específico. El autor inició un acercamiento hacia la lectura de imágenes y el significado que su presencia tiene hacia el conocimiento histórico de América Latina. 
650 1 4 |b ICONOGRAFIA  |z AMERICA LATINA 
773 0 |g Número 1 (2009), páginas 33-44  |t Nostromo. Revista Crítica Latinoamericana 
942 |2 ddc  |c ARC 
999 |c 3785  |d 3785